[Event "Turning Torso Chess Event 2021"]
[Site "Malmoe"]
[Date "2021.08.21"]
[Round "7.2"]
[White "Westerberg, Jonathan"]
[Black "Agrest, Evgenij"]
[Result "0-1"]
[WhiteElo "2526"]
[BlackElo "2568"]
[Annotator "TA"]
[PlyCount "108"]
[EventDate "2021.08.20"]
[EventType "tourn"]
[EventCountry "SWE"]
[SourceTitle "playchess.com"]
[Source "ChessBase"]
[SourceQuality "1"]

{[%evp 9,108,15,45,-4,-16,-8,-9,-9,-9,-8,-4,-4,-19,-40,-30,-37,-30,-33,-8,-11,
14,-29,-25,-49,-22,-48,-54,-62,0,0,0,0,0,-33,-33,-35,-36,-41,-42,-39,-40,-38,
-29,-30,-19,-69,-69,-66,-63,-73,-74,-69,-71,-202,-187,-219,-232,-223,-174,-163,
-158,-161,-154,-131,-91,-162,-124,-180,-190,-182,-171,-190,0,0,338,341,325,244,
331,395,397,435,421,383,359,329,422,490,454,0,0,0,0,-31,-34,-450,-451,-12843,
-12843,-12844,-12844]} 1. e4 c6 2. d4 d5 3. exd5 cxd5 4. c4 Nf6 5. Nc3 Be6 6.
Bg5 {B13: Caro-Kann: Exchange Variation and Panov-Botvinnik Attack.} dxc4 7.
Bxf6 exf6 8. d5 {[#] The position is equal.} Bd7 $146 ({Predecessor:} 8... Bf5
9. Bxc4 Bd6 10. Qe2+ Qe7 11. Qxe7+ Kxe7 {1/2-1/2 (11) Ramirez Alvarez,A (2594)
-Iotov,V (2574) Richardson 2011}) 9. Bxc4 Bd6 10. Qe2+ Qe7 11. O-O-O Qxe2 12.
Ngxe2 O-O 13. Kb1 a6 14. Nd4 g6 15. Be2 (15. Ne4 $5 {[%cal Re4d6]} Be5 16. Rhe1
$14) 15... f5 16. g3 Rd8 17. f4 Be8 18. Nb3 Bc7 ({Black should try} 18... Nd7
$15) 19. Bf3 Ra7 20. Rhe1 {Hoping for d6!} Kf8 21. Nc5 Bd6 22. Nd3 Nd7 23. Rc1
Nb6 24. Ne2 Bb5 25. Red1 Re8 {Threatens to win with ...Re3.} 26. Nd4 Re3 27.
Nxb5 axb5 28. Ne1 Ra8 29. Bg2 Re2 30. Rc2 Rae8 31. Rxe2 (31. Nf3 $17) 31...
Rxe2 $19 32. Bf1 Rxh2 33. Bxb5 Rh1 34. Kc2 Rg1 35. a4 Rxg3 36. a5 Na8 37. Nd3
h5 38. b4 (38. Bd7 $17 {was necessary.}) 38... h4 39. Rh1 h3 40. Nc5 Rg2+ $2 ({
But not} 40... Bxf4 41. Bf1 $17) (40... Nc7 $19 41. Bc4 Bxf4 42. Nxb7 Be5) 41.
Kb3 $11 h2 $2 {[%mdl 8192]} (41... Nc7 $11 {and Black stays safe.} 42. Bc4 Rg3+
43. Ka4 Rc3 44. Nxb7 Bxf4) 42. Nxb7 $18 Bxf4 43. d6 g5 44. Bc6 Rd2 45. d7 Bc7
46. d8=Q+ Bxd8 47. Nxd8 ({Less strong is} 47. Kc3 Re2 $14) 47... Nc7 {[#]} 48.
b5 $1 g4 {[#] ...g3 is the strong threat.} 49. b6 $2 Na6 $11 {And now ...g3
would win.} 50. Kc3 $1 {[%cal Rc3d2]} Ra2 51. b7 g3 {aiming for ...f4.} 52. Bd5
$2 {[%mdl 8192]} (52. Rf1 $15) 52... Rxa5 $19 {Black is clearly winning.} 53.
Kd4 {[#]} (53. Bg2 $142 f4 54. Rb1) 53... Rxd5+ $1 {[%mdl 576] Remove Defender,
Promotion} 54. Kxd5 g2 {Weighted Error Value: White=0.47/Black=0.24} 0-1

[Event "Turning Torso Chess Event 2021"]
[Site "Malmoe"]
[Date "2021.08.21"]
[Round "1.1"]
[White "Brynell, Stellan"]
[Black "Hellers, Ferdinand"]
[Result "1/2-1/2"]
[WhiteElo "2422"]
[BlackElo "2592"]
[Annotator "TA"]
[PlyCount "98"]
[EventDate "2021.08.20"]
[EventType "tourn"]
[EventCountry "SWE"]
[SourceTitle "playchess.com"]
[Source "ChessBase"]
[SourceQuality "1"]

{[%evp 15,98,0,2,0,0,0,0,-9,11,0,0,0,0,-22,-26,-18,-1,-39,-27,-25,-26,-59,-59,
-81,-62,-70,-68,-77,-72,-75,-79,-100,-93,-130,-132,-123,-125,-143,-150,-153,
-151,-166,-149,-131,-121,-156,-139,-182,-172,-200,-79,-75,-72,-83,-77,-86,-87,
-132,-105,-153,-129,-89,-26,-115,-122,-88,-24,-20,-20,-29,-8,-47,0,-34,-15,-17,
-12,-30,-8,-24,0,0,0,-1,0]} 1. e4 c5 2. c3 Nf6 3. e5 Nd5 4. d4 cxd4 5. Nf3 Nc6
6. cxd4 d6 7. Bc4 dxe5 8. dxe5 Ndb4 9. Qxd8+ {B22: Sicilian: 2 c3.} Nxd8 10.
Na3 Be6 11. O-O Rc8 {[#]} 12. Bb5+ $146 ({Predecessor:} 12. b3 g6 13. Nd4 Bxc4
14. Nxc4 Bg7 15. f4 f6 16. Ba3 Nbc6 17. Bb2 fxe5 18. Nxc6 Nxc6 {1/2-1/2 (51)
Goodwin,B (1829)-Smith,M (2034) ICCF email 2017}) 12... Ndc6 13. Bd2 {[#]
Strongly threatening Bxb4.} a6 14. Bxb4 {And now Bxc6+ would win.} axb5 15. Bd2
g6 16. Rac1 ({Don't play} 16. Nxb5 Bc4 $17) 16... Bg7 17. Nxb5 O-O 18. Bf4 Bxa2
19. Rfd1 Rfd8 20. h3 Bb3 21. Rxd8+ Rxd8 22. Nc3 h6 23. Ra1 g5 24. Bg3 Be6 25.
Re1 Kh7 26. Ne4 Bd5 27. Nc5 b6 {[%cal Bb7b6,Bb6b5][%mdl 32]} 28. Na4 b5 29. Nc3
Bc4 30. Ne4 Kg6 31. Ned2 Bd5 32. Rc1 f5 (32... e6 $19 33. Rc5 h5) 33. exf6 $17
exf6 {White must now prevent ...f5.} 34. Bc7 Rd7 35. Bb6 f5 {Hoping for ...Rb7.
} 36. b3 Bf6 37. g4 fxg4 38. hxg4 Nb4 (38... b4 $17 {aiming for ...Bc3.} 39.
Rc5 Kg7) 39. Be3 (39. Rc5 $11) 39... Nd3 40. Rc8 h5 (40... Bb7 $17 41. Rf8 b4)
41. gxh5+ $11 Kxh5 42. Rb8 b4 43. Nd4 Kg6 44. Ne2 Be5 45. Rb6+ Rd6 46. Rb5 Bf6
47. Nc4 Bxc4 48. bxc4 Rc6 49. c5 b3 {White happily takes the draw.  Weighted
Error Value: White=0.17/Black=0.16} 1/2-1/2

[Event "Turning Torso Chess Event 2021"]
[Site "Malmoe"]
[Date "2021.08.21"]
[Round "4.2"]
[White "Hellers, Ferdinand"]
[Black "Blomqvist, Erik"]
[Result "1/2-1/2"]
[WhiteElo "2592"]
[BlackElo "2537"]
[Annotator "TA"]
[PlyCount "39"]
[EventDate "2021.08.20"]
[EventType "tourn"]
[EventCountry "SWE"]
[SourceTitle "playchess.com"]
[Source "ChessBase"]
[SourceQuality "1"]

{[%evp 9,39,10,10,5,17,8,14,0,0,0,2,-14,-5,0,-4,-12,-15,-39,-10,-33,-16,-42,
-35,-100,-43,-46,-46,-53,-27,-47,0,-35]} 1. Nf3 {Marin,M} Nf6 2. c4 e6 3. g3 d5
4. Bg2 dxc4 5. Qa4+ Bd7 6. Qxc4 {A13: English Opening: 1...e6.} c5 7. Ne5 Qc8
8. d3 Nc6 9. Nxd7 Qxd7 10. Nd2 Rc8 {[#]} 11. a4 $146 ({Predecessor:} 11. Nf3
Be7 12. Bd2 O-O 13. O-O Rfd8 14. Rfc1 Nd5 15. a3 a6 16. a4 Bf6 17. Rab1 {
1-0 (69) Adams,M (2751)-Deac,B (2572) Caleta 2017 CBM 177 [Marin,M]}) 11... Be7
12. O-O O-O 13. b3 b6 14. Bb2 Rfd8 15. Rfd1 Nd5 16. Nf3 {[#]} ({White should
try} 16. Qg4 $15 Nd4 17. Bxd4 cxd4 18. Bxd5 Qxd5 19. Nc4) 16... Bf6 (16... Na5
$1 $17 {[%cal Ra5c4]} 17. Qg4 Bf6) 17. Bxf6 $15 Nxf6 18. e3 Qe7 19. Rac1 h6 20.
h3 {Weighted Error Value: White=0.14/Black=0.11} 1/2-1/2

[Event "Turning Torso Chess Event 2021"]
[Site "Malmoe"]
[Date "2021.08.21"]
[Round "7.3"]
[White "Smith, Axel"]
[Black "Grandelius, Nils"]
[Result "1/2-1/2"]
[WhiteElo "2451"]
[BlackElo "2666"]
[Annotator "TA"]
[PlyCount "64"]
[EventDate "2021.08.20"]
[EventType "tourn"]
[EventCountry "SWE"]
[SourceTitle "playchess.com"]
[Source "ChessBase"]
[SourceQuality "1"]

{[%evp 16,64,37,28,29,26,27,17,11,8,14,0,0,2,24,2,2,14,65,58,52,38,92,50,54,54,
77,4,5,2,6,0,27,23,44,41,44,37,43,31,45,39,45,33,35,0,60,0,38,0,59]} 1. d4 d5
2. c4 e6 3. Nc3 c5 4. cxd5 exd5 5. Nf3 Nf6 6. g3 Nc6 7. Bg2 cxd4 8. Nxd4 Bc5 9.
Nb3 Bb6 {D33: Tarrasch Defence: 6 g3 sidelines.} 10. O-O d4 11. Na4 O-O 12.
Nxb6 axb6 13. Bxc6 bxc6 14. Qxd4 Bh3 15. Qxd8 (15. Re1 {with more
complications.} c5 16. Qxd8 Rfxd8 17. a3 Nd5 18. e4) 15... Rfxd8 16. Re1 {[#]}
Ne4 $146 ({Black should try} 16... Be6 $11 17. Bg5 h6 18. Bxf6 gxf6) ({
Predecessor:} 16... Nd5 17. Bd2 c5 18. a3 Be6 19. Nc1 Ne7 20. Bc3 Nc6 21. Nd3
f6 22. Nf4 Bb3 {1-0 (85) Chirila,I (2536)-Gukesh,D (2563) Chess.com INT 2020})
17. Be3 c5 18. Rad1 f6 (18... Re8 $14) 19. a3 Bd7 20. f3 Ba4 {[#] Hoping for ..
.Rxd1.} 21. fxe4 (21. Rxd8+ $16 Rxd8 22. Nc1) 21... Bxb3 $11 22. Rxd8+ Rxd8 $16
{[%mdl 4096] Endgame KRB-KRB} 23. Rc1 Rd6 24. Kf2 Kf7 25. Rc3 c4 26. Rc1 b5 27.
Kf3 Ke6 28. h4 h5 29. Bf4 Rd7 30. Ke3 Rd8 (30... Ba4 $11) 31. Kf3 (31. Bc7 $14
Rd1 32. Rxd1 Bxd1 33. Ba5) 31... Rd7 32. Ke3 Rd8 {Weighted Error Value:
White=0.16/Black=0.18} 1/2-1/2

[Event "Turning Torso Chess Event 2021"]
[Site "Malmoe"]
[Date "2021.08.21"]
[Round "1.2"]
[White "Agrest, Evgenij"]
[Black "Schussler, Harry"]
[Result "1-0"]
[WhiteElo "2568"]
[BlackElo "2410"]
[Annotator "TA"]
[PlyCount "75"]
[EventDate "2021.08.20"]
[EventType "tourn"]
[EventCountry "SWE"]
[SourceTitle "playchess.com"]
[Source "ChessBase"]
[SourceQuality "1"]

{[%evp 18,75,0,0,20,20,32,19,48,43,46,35,27,22,31,37,47,5,32,0,0,0,0,0,0,0,0,0,
0,0,0,0,66,67,64,48,139,143,183,168,241,235,220,169,357,317,319,316,315,314,
296,258,301,297,288,247,463,405,355,335]} 1. Nf3 Nf6 2. c4 b6 3. b3 g6 4. Bb2
Bg7 5. e3 c5 6. Be2 O-O 7. O-O Bb7 8. d4 cxd4 9. Nxd4 Nc6 10. Bf3 Rb8 {[#] A30:
Symmetrical English: Double Fianchetto and Hedgehog.} 11. Ne2 $146 ({
Predecessor:} 11. Nxc6 dxc6 12. Be5 Nd7 13. Bxg7 Kxg7 14. Qd4+ f6 15. Nc3 Nc5
16. Be2 Qc7 {0-1 (16) Kozul,Z (2601)-Ribli,Z (2588) Ljubljana 2012}) 11... d6
12. Nbc3 Ne5 {The position is equal.} 13. Bxb7 Rxb7 14. Nf4 a6 15. Qe2 Ned7 16.
Rac1 Re8 17. h4 Qb8 (17... e5 $5 {[%cal Re5f4]} 18. Nh3 Nc5 $11) 18. a4 Nc5 19.
b4 Ncd7 20. h5 e5 21. Nfd5 Nxh5 22. Rfd1 Nhf6 23. Ba3 Nxd5 24. Nxd5 Nf6 (24...
Bf8 $11) 25. b5 $14 Nxd5 26. cxd5 a5 (26... axb5 $14 27. Qxb5 Rd8) 27. Rc6 $16
{[%mdl 1024] White has strong compensation.} Rd7 28. e4 Bf8 (28... Bh6 $142 29.
Qg4 Red8) 29. Qe3 $18 Rb7 30. Rdc1 h5 $2 {[#]} (30... Qd8 31. R1c3 f5) 31. R1c4
Qd8 32. Qh3 Rb8 33. Rc7 Qg5 34. Qf3 Qf4 35. Bc1 Qxf3 36. gxf3 Re7 $2 {[#]} (
36... Be7 37. Be3 Bd8) 37. Be3 f5 {intending ...f4.} 38. Rc8 {Weighted Error
Value: White=0.10/Black=0.31} 1-0

[Event "Turning Torso Chess Event 2021"]
[Site "Malmoe"]
[Date "2021.08.21"]
[Round "4.3"]
[White "Agrest, Evgenij"]
[Black "Grandelius, Nils"]
[Result "0-1"]
[WhiteElo "2568"]
[BlackElo "2666"]
[Annotator "TA"]
[PlyCount "90"]
[EventDate "2021.08.20"]
[EventType "tourn"]
[EventCountry "SWE"]
[SourceTitle "playchess.com"]
[Source "ChessBase"]
[SourceQuality "1"]

{[%evp 9,90,0,4,-31,-15,-51,-39,-67,-71,-67,-70,-63,-54,-108,-72,-63,-61,-63,
-73,-74,-73,-73,-73,-73,-70,-75,-79,-69,-77,-79,-75,-77,-81,-80,-81,-83,-79,
-91,-82,-95,-93,-122,-124,-118,-83,-154,-112,-224,-224,-222,-222,-354,-349,
-327,-306,-472,-468,-423,-441,-637,-599,-586,-584,-740,-715,-702,-647,-638,
-631,-1009,-983,-5895,-5743,-6187,-5468,-5874,-5900,-5439,-5681,-5468,-4689,
-3216,-2455]} 1. Nf3 d5 2. e3 Nf6 3. c4 c6 4. Nc3 a6 5. h3 Nbd7 {[#]} 6. g4
$146 {A11: English Opening: 1...c6.} ({Predecessor:} 6. d4 e6 7. Qc2 Bd6 8. b3
b5 9. c5 Bc7 10. Bb2 e5 11. dxe5 Nxe5 12. Nxe5 Bxe5 13. Nxb5 {1/2-1/2 (41)
Eljanov,P (2755)-Grandelius,N (2665) Malmo 2017}) 6... h6 7. b3 e5 8. d4 {
Black is slightly better.} Bb4 9. Bd2 exd4 10. Nxd4 dxc4 11. Bxc4 (11. bxc4 $15
Nc5 12. Qc2) 11... Ne5 {[%cal Bd7e5,Be5d3,Bd3f2][%mdl 32]} 12. Be2 c5 13. Nf3
Nd3+ 14. Kf1 {[#]} Nxf2 $1 15. Kxf2 Bxc3 16. Bxc3 {Strongly threatening Qxd8+.}
Ne4+ 17. Kg2 Qxd1 18. Bxd1 Nxc3 19. Rc1 Nxa2 20. Rxc5 O-O 21. Nd4 Re8 22. Kf2
Nb4 {...Nd3+ is the strong threat.} 23. Be2 b6 24. Rc4 a5 25. Bf3 Rb8 26. Rc7
Be6 27. Kg3 ({Better is} 27. Rd1) 27... Nd5 28. Nxe6 (28. Rc6 $17) 28... Nxc7
$19 ({Much less strong is} 28... fxe6 29. Rc6 $17) 29. Nxc7 Rxe3 30. Rb1 {[#]}
(30. b4 $142) 30... Rd8 $1 31. Kf2 Rdd3 32. Be2 (32. Bd5 {keeps fighting.})
32... Rxb3 {Black is clearly winning.} 33. Rd1 {White hopes to continue with
Rd8+.} Rxh3 {And now ...Rb2 would win.} 34. Rd8+ Kh7 35. Kg2 Rhc3 36. Nd5 Rc2
37. Kf1 Rb1+ 38. Kf2 Rbb2 39. Re8 a4 {[%cal Ba5a4,Ba4a3][%mdl 32]} 40. Kf3 {[#]
} Rxe2 $1 41. Rxe2 (41. Rd8 a3) 41... Rxe2 42. Kxe2 a3 43. Nc3 b5 44. Na2 Kg6
45. Kf3 Kg5 {Weighted Error Value: White=0.48/Black=0.06} 0-1

[Event "Turning Torso Chess Event 2021"]
[Site "Malmoe"]
[Date "2021.08.21"]
[Round "7.4"]
[White "Hector, Jonny"]
[Black "Hellers, Ferdinand"]
[Result "0-1"]
[WhiteElo "2465"]
[BlackElo "2592"]
[Annotator "TA"]
[PlyCount "88"]
[EventDate "2021.08.20"]
[EventType "tourn"]
[EventCountry "SWE"]
[SourceTitle "playchess.com"]
[Source "ChessBase"]
[SourceQuality "1"]

{[%evp 10,88,12,0,0,-46,-43,-47,-45,-56,-51,-56,-31,-73,-66,-69,-37,-68,-74,
-86,-87,-75,-90,-82,-87,-75,-63,-127,-143,-411,-407,-426,-418,-429,-430,-405,
-414,-484,-471,-499,-495,-500,-491,-660,-648,-635,-610,-709,-699,-2689,-1297,
-4926,-4918,-3502,-2967,-4802,-934,-1695,-614,-606,-596,-691,-775,-813,-806,
-810,-794,-1126,-787,-1650,-1577,-29973,-29975,-29977,-29978,-29979,-29980,
-29981,-29982,-29979,-1733]} 1. e4 e6 2. d4 d5 3. e5 c5 4. c3 Nc6 5. Nf3 Nge7
6. Bd3 cxd4 {C02: French: Advance Variation.} 7. O-O dxc3 8. Nxc3 Ng6 {Black
is slightly better.} 9. Re1 Bc5 10. Bg5 Be7 11. Bd2 O-O 12. Rc1 {[#]} f6 $146 (
{Predecessor:} 12... Bd7 13. Qe2 Rc8 14. Nb5 a6 15. Bxg6 hxg6 16. Nbd4 Nxd4 17.
Nxd4 Qb6 18. Bc3 Rc4 19. Rcd1 Bb4 {0-1 (50) Kramlova,J-Tatarska,V (1983) ICCF
email 2014}) 13. Bxg6 hxg6 14. Qc2 fxe5 15. Nxe5 Nxe5 16. Rxe5 Bf6 17. Ree1 g5
$36 {[%mdl 2048] Black fights for an advantage.} 18. Nb5 ({White should try}
18. Qd3 $15) 18... Bd7 $17 19. Nc7 {[%mdl 8192]} (19. Qb3 $17) 19... Rc8 $19
20. Bb4 {[#]} Rf7 21. Bd6 Bd4 22. Bg3 {[#]} Bb6 $1 23. Qc3 {Now Qe5 and White
clings on.} Be8 24. Qe5 Bxc7 ({But not} 24... Rcxc7 25. Rxc7 Bxc7 26. Qxe6 $19)
25. Qxe6 Bc6 26. h4 Bxg3 27. fxg3 gxh4 28. gxh4 Qb6+ {[%mdl 64] Double Attack}
29. Kh1 Re8 30. Qg4 Rxe1+ 31. Rxe1 Qf2 32. Re2 Qf1+ 33. Kh2 Qf4+ 34. Qxf4 Rxf4
{[%mdl 4096] Endgame KRB-KR} 35. g3 Re4 36. Rf2 d4 {Strongly threatening ...d3.
} 37. Rd2 Kh7 38. Kg1 Kg6 39. Kf2 Kf5 40. Rd3 Kg4 {Black mates.} 41. Rd2 Bb5
42. b3 d3 43. a4 Ba6 44. b4 Rxb4 {White did not feel at home in the position
after the opening.  Weighted Error Value: White=1.14/Black=0.15} (44... Bc4
$142 45. Kg2 Re2+ 46. Rxe2 dxe2 47. Kf2 Bd3 48. Ke1 Kxg3 49. h5 Kg4 50. a5 Kxh5
51. b5 Bxb5 52. Kd2 g5 53. a6 Bxa6 54. Ke1 g4 55. Kf2 g3+ 56. Ke1 g2 57. Kf2
Bc4 58. Kxg2 e1=Q 59. Kh3 Bf1+ 60. Kh2 Qf2+ 61. Kh1 Qg2#) 0-1

[Event "Turning Torso Chess Event 2021"]
[Site "Malmoe"]
[Date "2021.08.21"]
[Round "1.3"]
[White "Grandelius, Nils"]
[Black "Pantzar, Milton"]
[Result "0-1"]
[WhiteElo "2666"]
[BlackElo "2424"]
[Annotator "TA"]
[PlyCount "52"]
[EventDate "2021.08.20"]
[EventType "tourn"]
[EventCountry "SWE"]
[SourceTitle "playchess.com"]
[Source "ChessBase"]
[SourceQuality "1"]

{[%evp 19,52,6,16,6,20,12,6,7,31,0,3,0,9,8,13,0,11,9,14,0,33,0,0,0,0,-9,0,-76,
-78,-79,-83,-363,-361,-909,-902]} 1. c4 e6 2. g3 d5 3. Bg2 Nf6 4. Nf3 Be7 5.
O-O O-O 6. b3 b6 7. cxd5 Nxd5 8. Bb2 Bb7 9. d4 c5 10. dxc5 Bxc5 11. a3 {
A14: English Opening: 1...e6 with b3 by White.} Be7 (11... Nd7 {is interesting.
} 12. Nbd2 a5 13. Nc4 N5f6 14. Nd4 Qc8) 12. Nbd2 {[#]} Bf6 $146 ({Predecessor:
} 12... Nd7 13. Rc1 Rc8 14. Nc4 Bf6 15. Nd4 Ne5 16. Nxe6 fxe6 17. Nxe5 Rxc1 18.
Qxc1 Qa8 {1-0 (30) Heinert,E (2168)-Runte,M (1862) Dortmund 2017}) 13. Bxf6 {
The position is equal.} Qxf6 14. Nc4 Rd8 15. Qc2 Nc6 16. e4 Qc3 17. Qa2 Nde7
18. Rac1 Qd3 19. Rfe1 Nd4 20. Re3 Nxf3+ 21. Bxf3 Qd4 22. h4 h6 23. e5 (23. Qc2
$11) 23... Bxf3 $17 24. Rxf3 Nf5 25. Qe2 $2 {[%mdl 8192] [#]} (25. Rfc3 $17)
25... Qg4 $1 $19 {Threatens to win with ...Nd4.} 26. Ne3 $2 {[#]} (26. Rcc3
Nxh4 27. Nd6 Nxf3+ 28. Rxf3) 26... Nd4 $1 {[%mdl 576] Double Attack.  Weighted
Error Value: White=0.73/Black=0.04} 0-1

[Event "Turning Torso Chess Event 2021"]
[Site "Malmoe"]
[Date "2021.08.21"]
[Round "4.4"]
[White "Pantzar, Milton"]
[Black "Westerberg, Jonathan"]
[Result "1/2-1/2"]
[WhiteElo "2424"]
[BlackElo "2526"]
[Annotator "TA"]
[PlyCount "91"]
[EventDate "2021.08.20"]
[EventType "tourn"]
[EventCountry "SWE"]
[SourceTitle "playchess.com"]
[Source "ChessBase"]
[SourceQuality "1"]

{[%evp 10,91,40,40,48,42,58,59,45,52,51,51,57,66,63,54,66,51,55,70,41,35,98,10,
16,-2,-4,-6,-7,-70,-53,-64,-64,-66,-66,-80,-64,-75,-65,-74,-69,-104,-108,-187,
-144,-190,-76,-101,-90,-84,-83,-331,-327,-257,-267,-252,-246,-242,-241,-246,
-172,-207,-113,-116,-136,-121,-15,-16,0,0,0,-53,-64,-2022,0,0,0,0,0,0,0,0,0,0]
} 1. d4 Nf6 2. c4 g6 3. Nc3 Bg7 4. e4 O-O 5. Nf3 c6 6. Bd3 d5 {The modern move.
E70: King's Indian: Miscellaneous lines with 4 e4, including 5 Nge2 and 5 Bd3
0-0 6 Nge2.} 7. cxd5 cxd5 8. e5 Ne8 {White is slightly better.} 9. O-O Nc6 10.
h3 Nc7 11. Re1 f6 12. exf6 exf6 13. Bf4 Ne6 14. Bg3 f5 ({Much weaker is} 14...
Ncxd4 15. Nxd4 Nxd4 16. Bxg6 $1 $18) 15. Be5 Nxe5 {[#]} ({Better is} 15...
Nexd4 $14 16. Bxg7 Nxf3+ 17. Qxf3 Kxg7) 16. Nxe5 $146 (16. dxe5 $16 {White
wants to play Bc2.} b6 17. Bc2) ({Predecessor:} 16. dxe5 g5 17. Bc2 g4 18. Nd4
gxh3 19. Re3 hxg2 20. Nxf5 d4 21. Qh5 Rf7 22. Rg3 {1-0 (29) Matviishen,V (2439)
-Bernadskiy,V (2588) Lutsk 2018}) 16... Nxd4 $11 17. Bf1 Nc6 18. Nf3 d4 19. Ne2
(19. Nb5 $11) 19... Qd6 $36 {[%mdl 2048] Black is pushing.} 20. Qd2 Be6 21. Nf4
Bf7 22. Ng5 Bh6 23. h4 Bxg5 24. hxg5 Rae8 25. a3 Re4 26. g3 (26. Nd3 $17) 26...
Rfe8 {And now ...Ne5 would win.} 27. Bg2 {[#]} Rxe1+ (27... d3 $1 $19 28. Red1
Rd4 29. Bxc6 bxc6) 28. Rxe1 $17 Rxe1+ 29. Qxe1 Ne5 30. b3 $2 (30. Bxb7 $17 {
was worth a try.} d3 31. Qd2) 30... b6 (30... Bxb3 31. Qb1 $19) 31. Qd2 Bxb3
32. Nd3 Nxd3 33. Qxd3 Bf7 34. Bf1 Qc5 35. Qa6 {[#]} Qe7 (35... Qc7 $1 $19 36.
Qa4 Qd8) 36. Qc8+ Kg7 37. Qb8 Bd5 (37... Qxa3 $17 {White must now prevent ...
Qe7.} 38. Qe5+ Kg8 39. Qxd4 Qe7) 38. Qf4 $11 Qe4 {[%csl Gd5][%cal Re4h1]} 39.
Qc7+ Kg8 {[%csl Gd5][%cal Re4h1]} 40. Qb8+ (40. Qd8+ $11 Kg7 41. Qf6+ Kg8 42.
Qd8+ Kg7 43. Qf6+ Kg8 44. Qd8+) 40... Kf7 $15 {[%csl Gd5][%cal Re4h1]} 41.
Qxa7+ $2 {[%mdl 8192]} (41. Qc7+ $15 Qe7 {[%mdl 64] Double Attack} 42. Qf4)
41... Kf8 $2 ({Black should try} 41... Bb7 $19 {[%csl Gb7][%cal Re4h1]} 42.
Bc4+ Kg7) 42. Qb8+ $1 $11 {The position is equal.} (42. Qxh7 $2 d3 $19) 42...
Ke7 {[%csl Gd5][%cal Re4h1]} (42... Kf7 $5 43. Qc7+ $8 Qe7 $11) 43. Qc7+ Kf8 {
[%csl Gd5][%cal Re4h1]} 44. Qd8+ ({But not} 44. Qxh7 $2 d3 $19) 44... Kf7 {
[%csl Gd5][%cal Re4h1]} 45. Qf6+ Kg8 {[%csl Gd5][%cal Re4h1]} 46. Qd8+ {
Weighted Error Value: White=0.33/Black=0.29} 1/2-1/2